Iolanthe, or, The peer and the peri /

Bibliographic Details
Main Author: Sullivan, Arthur, 1842-1900
Other Authors: Gilbert, W. S. (William Schwenck), 1836-1911 (Librettist), Treharne, Bryceson, 1879-1948
Format: Musical Score Book
Language:English
Published: New York : G. Schirmer, [between 1900 and 1999?]
Series:G. Schirmer's vocal scores of standard operas
Subjects:

MARC

Tag First Indicator Second Indicator Subfields
LEADER 00000ccm a2200000ua 4500
001 in00001017113
005 20150928092617.0
008 900619q19001990nyuopc n 0 eng d
028 2 0 |a 40989  |b G. Schirmer 
035 |a (OCoLC)22395393 
035 |9 AFF0137AM 
040 |a COO  |c COO  |d TXA  |d UtOrBLW 
045 |a w6x0 
049 |a TXAM 
090 |a M1503.S949  |b I57 1900z 
100 1 |a Sullivan, Arthur,  |d 1842-1900. 
240 1 0 |a Iolanthe.  |s Vocal score 
245 1 0 |a Iolanthe, or, The peer and the peri /  |c book by W.S. Gilbert ; music by Arthur Sullivan ; authentic version edited by Bryceson Treharne. 
264 1 |a New York :  |b G. Schirmer,  |c [between 1900 and 1999?] 
300 |a 1 vocal score (208 pages) ;  |c 28 cm. 
336 |a notated music  |b ntm  |2 rdacontent 
337 |a unmediated  |b n  |2 rdamedia 
338 |a volume  |b nc  |2 rdacarrier 
490 0 |a G. Schirmer's vocal scores of standard operas 
500 |a On cover: G. Shirmer edition of Iolanthe or The peer and the peri. 
500 |a "This score contains all the dialogue."---title page. 
650 0 |a Operas  |v Vocal scores with piano. 
700 1 |a Gilbert, W. S.  |q (William Schwenck),  |d 1836-1911,  |e librettist. 
700 1 |a Treharne, Bryceson,  |d 1879-1948. 
740 0 |a Peer and the peri. 
740 0 |a G. Shirmer edition of Iolanthe or The peer and the peri 
999 |a MARS 
999 f f |s 768438e2-c42e-3680-9535-9d49887f36c0  |i c32add9e-2506-3c78-9839-c72a13b693bf  |t 0 
952 f f |p normal  |a Texas A&M University  |b College Station  |c Sterling C. Evans Library  |d Evans: Library Stacks  |t 0  |e M1503.S949 I57 1900z  |h Library of Congress classification  |i unmediated -- volume  |m A14815992447 
998 f f |a M1503.S949 I57 1900z  |t 0  |l Evans: Library Stacks